|
|
|
|
| LEADER |
00000caa a22000002c 4500 |
| 001 |
1525773410 |
| 003 |
DE-627 |
| 005 |
20220604104447.0 |
| 007 |
tu |
| 008 |
160223s2006 xx ||||| 00| ||eng c |
| 020 |
|
|
|a 9781412911382
|
| 035 |
|
|
|a (DE-627)1525773410
|
| 035 |
|
|
|a (DE-576)455773416
|
| 035 |
|
|
|a (DE-599)BSZ455773416
|
| 040 |
|
|
|a DE-627
|b ger
|c DE-627
|e rakwb
|
| 041 |
|
|
|a eng
|
| 100 |
1 |
|
|a Haines, Kevin
|d 1963-
|0 (DE-588)1075342422
|0 (DE-627)833204149
|0 (DE-576)167332155
|4 aut
|
| 109 |
|
|
|a Haines, Kevin 1963-
|
| 245 |
1 |
0 |
|a Restorative Approaches, Young People and Youth Justice
|c Kevin Haines, David O'Mahony
|
| 264 |
|
1 |
|c 2006
|
| 336 |
|
|
|a Text
|b txt
|2 rdacontent
|
| 337 |
|
|
|a ohne Hilfsmittel zu benutzen
|b n
|2 rdamedia
|
| 338 |
|
|
|a Band
|b nc
|2 rdacarrier
|
| 700 |
1 |
|
|a O'Mahony, David
|4 aut
|
| 773 |
0 |
8 |
|i In
|t Youth, crime and justice
|d London [u.a.] : SAGE, 2006
|g (2006), Seite 110-124
|h XIV, 239 S.
|w (DE-627)1627140654
|w (DE-576)255250231
|z 9781412911382
|z 1412911389
|z 1412911370
|z 9781412911375
|7 nnam
|
| 773 |
1 |
8 |
|g year:2006
|g pages:110-124
|
| 935 |
|
|
|a mkri
|
| 951 |
|
|
|a AR
|
| ELC |
|
|
|b 1
|
| LOK |
|
|
|0 000 xxxxxcx a22 zn 4500
|
| LOK |
|
|
|0 001 2899216023
|
| LOK |
|
|
|0 003 DE-627
|
| LOK |
|
|
|0 004 1525773410
|
| LOK |
|
|
|0 005 20260119081112
|
| LOK |
|
|
|0 008 160208||||||||||||||||ger|||||||
|
| LOK |
|
|
|0 040
|a DE-21-110
|c DE-627
|d DE-21-110
|
| LOK |
|
|
|0 689
|a s
|a Jugendtäter
|
| LOK |
|
|
|0 689
|a s
|a Restorative Justice
|
| LOK |
|
|
|0 689
|a g
|a Großbritannien
|
| LOK |
|
|
|0 852
|a DE-21-110
|
| LOK |
|
|
|0 852 1
|m p
|9 00
|
| LOK |
|
|
|0 935
|a k110
|
| LOK |
|
|
|0 938
|k p
|
| LOK |
|
|
|0 939
|a 08-02-16
|b l01
|
| ORI |
|
|
|a SA-MARC-krimdoka001.raw
|